000 01673nam a22004217a 4500
003 CHAP
005 20220329143356.0
008 080128s2008 mx r 00010 spa d
010 _a95716
011 _a96688
035 _a107344
040 _cCHAP
090 _aTesis
100 1 _aVictoria Solano, Gabriela
_9119085
245 1 0 _aEvaluación de tres materiales de maíz criollo atacados por Punctodera chalcoensis en América, Estado de México
_c/por Gabriela Solano Victoria
260 _aChapingo, Méx. :
_bEl autor,
_c2008
300 _avi, 39 h. :
_bilus., gráfs., cuadros
502 _aTesis (Ing. Agr. Esp. en Parasitología Agrícola) -- UACH. Departamento de Parasitología Agrícola
530 _aTambién disponible en línea
590 _aALEPH
_b10
_c20130110
_lUCH01
_h1526
590 _aBATCH-UPD
_b10
_c20130110
_lUCH01
_h0300
590 _aBATCH-UPD
_b10
_c20130110
_lUCH01
_h1828
590 _aBATCH-UPD
_b10
_c20130409
_lUCH01
_h2332
590 _aBATCH-UPD
_b10
_c20130914
_lUCH01
_h1756
590 _aBATCH-UPD
_b10
_c20140324
_lUCH01
_h1508
590 _aBATCH-UPD
_b10
_c20141002
_lUCH01
_h0838
590 _aCONVERSION
_b10
_c20130109
_lUCH01
_h1353
650 1 4 _aMaíz
_xEnfermedades por hongos.
_970941
650 1 4 _aMaíz
_xEnfermedades.
_970939
650 1 4 _aMaíz
_xPlagas.
_971034
650 1 4 _aMaíz
_xVariedades.
_971081
650 1 4 _aPunctodera chalcoensis.
_993023
856 _3Finding aid
_uhttp://10.13.5.2/tesis/107344.pdf
_zTeclea aqui
901 _aBK
942 _cFOLL
949 _aTesis
_bBC
_cTES
_d33724002086165
_eTS1
_gDonaciØn
_h48234
_i107344
_sb
949 _aTesis
_bBC
_cTES
_d33724002086207
_eTS2
_fc.2
_gDonaciØn
_h48235
_i107344
_sb
999 _c95716
_d95716